000 00254nam a2200109Ia 4500
008 190912s9999||||xx |||||||||||||| ||und||
100 _aW. Bolton
245 0 _aOrdinary differential equations
260 _aUSA
_bDorling
_c1999
300 _a184
942 _cBK
999 _c7071
_d7071